00377nam a2200157Ia 4500008004100000020001500041041001200056082001100068100001400079245004800093250000800141260003300149300000800182650001500190700001400205221030s9999 xx 000 0 und d a8120416104 aEnglish a105.23 aU. Pareek 0aDesigning & Managing Human Resource Systems a3rd bOxford Pub.aNew Delhic2009 a622 aManagement aT. V. Rao